[Event "29th 4NCL Congress"]
[Site "Harrogate"]
[Date "2023.01.21"]
[Round "3"]
[Board "4"]
[White "Head, Louise"]
[Black "Arkell, Keith C"]
[Result "1/2-1/2"]
[WhiteElo "2091"]
[BlackElo "2509"]
[PlyCount "103"]
[EventDate "2023.01.20"]
[EventRounds "5"]
[EventCountry "ENG"]

1. d4 e6 2. c4 Bb4+ 3. Bd2 Bxd2+ 4. Qxd2 Nf6 5. Nc3 d6 6. Nf3 Qe7 7. e3 O-O 8. Qc2
e5 9. dxe5 dxe5 10. Rd1 Bg4 11. Be2 c6 12. O-O Nbd7 13. Ng5 Bxe2 14. Qxe2 Nc5 15.
b4 Ne6 16. Nxe6 Qxe6 17. Rd2 Rfd8 18. Rfd1 Rxd2 19. Qxd2 h5 20. Qd3 a5 21. b5 cxb5
22. cxb5 e4 23. Qd2 Qe5 24. Nd5 a4 25. Nxf6+ gxf6 26. b6 Kg7 27. h3 Ra6 28. Rb1 Qe6
29. Qb2 Ra5 30. h4 Rc5 31. a3 Qc6 32. g3 Rc3 33. Qb4 Rc4 34. Qe7 Qd5 35. Kg2 Rc2
36. Qb4 Qa2 37. Rf1 Qc4 38. Qe7 Qc6 39. Rd1 Qc5 40. Qxe4 Rb2 41. Rd4 Qxb6 42. Rxa4
Rb5 43. Rb4 Rxb4 44. axb4 Qb5 45. Qd4 b6 46. e4 Kg6 47. Kf3 Qc6 48. Ke3 Qc1+ 49.
Qd2 Qc4 50. Qd4 Qc1+ 51. Qd2 Qc4 52. Qd4  1/2-1/2

[Event "29th 4NCL Congress"]
[Site "Harrogate"]
[Date "2023.01.21"]
[Round "3"]
[Board "5"]
[White "Wall, Tim P"]
[Black "Zhu, Yaoyao"]
[Result "1-0"]
[WhiteElo "2337"]
[BlackElo "2056"]
[PlyCount "49"]
[EventDate "2023.01.20"]
[EventRounds "5"]
[EventCountry "ENG"]

1. Nc3 d5 2. e4 d4 3. Nce2 e5 4. Ng3 Be6 5. c3 c5 6. Bb5+ Nc6 7. Nf3 Bd6 8. O-O h6
9. b4 Qc7 10. bxc5 Bxc5 11. cxd4 exd4 12. Bb2 Rd8 13. Qa4 Qb6 14. Ne2 Kf8 15. Bxc6
Qxb2 16. Rfb1 Qa3 17. Qxa3 Bxa3 18. Rxb7 Bc5 19. Rc1 Bb6 20. Bd5 Bxd5 21. exd5 Ne7
22. Ne5 Rxd5 23. Nd7+ Ke8 24. Nxb6 axb6 25. Rcc7  1-0

[Event "29th 4NCL Congress"]
[Site "Harrogate"]
[Date "2023.01.21"]
[Round "3"]
[Board "6"]
[White "Bak, Christopher"]
[Black "Townsend, M Paul"]
[Result "0-1"]
[WhiteElo "2077"]
[BlackElo "2238"]
[PlyCount "136"]
[EventDate "2023.01.20"]
[EventRounds "5"]
[EventCountry "ENG"]

1. c4 e6 2. Nc3 d5 3. d4 Nf6 4. cxd5 exd5 5. Bg5 Be7 6. e3 Nbd7 7. Bd3 h6 8. Bh4
c6 9. Nge2 Nh5 10. Bxe7 Qxe7 11. O-O O-O 12. Qd2 Nb6 13. f3 f5 14. Rae1 Bd7 15. Nf4
Nxf4 16. exf4 Qd6 17. Re5 Rad8 18. Qc2 Bc8 19. g3 Qb4 20. Qf2 Nc4 21. Re2 Nxb2 22.
Rxb2 Qxc3 23. Rb3 Qa5 24. Re1 Rde8 25. Re5 Qc7 26. Qc2 Qf7 27. Rb1 Qh5 28. Qe2 Rxe5
29. fxe5 f4 30. g4 Qg5 31. Kh1 Re8 32. Qc2 Rf8 33. e6 Qf6 34. Bf5 Bxe6 35. Bxe6+
Qxe6 36. Rxb7 Re8 37. Rb2 Qe3 38. Qf2 Qxf2 39. Rxf2 Re1+ 40. Kg2 Rd1 41. Rc2 Rxd4
42. Rxc6 Rd2+ 43. Kh3 Rxa2 44. Rd6 Rf2 45. g5 hxg5 46. Kg4 Rxh2 47. Kxg5 Rh6 48.
Rxd5 Rf6 49. Rd7 Rf7 50. Rd1 Kf8 51. Re1 a5 52. Re4 Rf6 53. Ra4 Ra6 54. Kxf4 Kf7
55. Ke5 Kg6 56. Rg4+ Kf7 57. Ra4 g6 58. Rf4+ Ke7 59. Ra4 Kd7 60. Kd5 Kc7 61. Kc5
Rf6 62. Rg4 Rf5+ 63. Kc4 g5 64. Rg1 Kc6 65. Kd4 a4 66. Ke4 Ra5 67. Kd4 a3 68. Rc1+
Kd6  0-1

[Event "29th 4NCL Congress"]
[Site "Harrogate"]
[Date "2023.01.21"]
[Round "3"]
[Board "7"]
[White "Williamson, Roger G"]
[Black "Longson, Sarah N"]
[Result "1/2-1/2"]
[WhiteElo "2215"]
[BlackElo "2135"]
[PlyCount "43"]
[EventDate "2023.01.20"]
[EventRounds "5"]
[EventCountry "ENG"]

1. e4 e5 2. Nc3 Nf6 3. f4 d5 4. fxe5 Nxe4 5. Nf3 Bc5 6. d4 Bb4 7. Bd2 Bg4 8. Nxe4
dxe4 9. Bxb4 exf3 10. gxf3 Qh4+ 11. Ke2 Nc6 12. Bc3 Bh5 13. Ke3 g5 14. Bb5 Qf4+ 15.
Kf2 Qh4+ 16. Ke3 Qf4+ 17. Kf2 Qh4+ 18. Ke3 O-O-O 19. Bxc6 bxc6 20. Qd3 Qf4+ 21. Kf2
g4 22. Qe4  1/2-1/2

[Event "29th 4NCL Congress"]
[Site "Harrogate"]
[Date "2023.01.21"]
[Round "3"]
[Board "8"]
[White "Walker, Martin G"]
[Black "McKay, Jonathan"]
[Result "1/2-1/2"]
[WhiteElo "2182"]
[BlackElo "2009"]
[PlyCount "35"]
[EventDate "2023.01.20"]
[EventRounds "5"]
[EventCountry "ENG"]

1. e4 c6 2. d4 d5 3. exd5 cxd5 4. c4 Nf6 5. Nc3 Nc6 6. Bg5 dxc4 7. Bxc4 Nxd4 8. Nge2
e5 9. Nxd4 exd4 10. O-O Be7 11. Nb5 O-O 12. Nxd4 Qb6 13. Nb3 Bf5 14. Qd4 Qxd4 15.
Nxd4 Bg6 16. Nf3 Rac8 17. Rac1 Rfe8 18. a3  1/2-1/2

[Event "29th 4NCL Congress"]
[Site "Harrogate"]
[Date "2023.01.21"]
[Round "3"]
[Board "9"]
[White "Southcott-Moyers, Indy"]
[Black "Wynarczyk, Raymond"]
[Result "1-0"]
[WhiteElo "2139"]
[BlackElo "1867"]
[PlyCount "123"]
[EventDate "2023.01.20"]
[EventRounds "5"]
[EventCountry "ENG"]

1. d4 d5 2. Nf3 Nf6 3. c4 e6 4. Nc3 Bb4 5. Bg5 dxc4 6. e4 c5 7. Bxc4 cxd4 8. Nxd4
Qa5 9. Bd2 O-O 10. Nb3 Qd8 11. Qe2 Nc6 12. a3 Be7 13. Rd1 Nd7 14. Be3 Nce5 15. f4
Nxc4 16. Qxc4 a6 17. Qe2 b5 18. O-O Qc7 19. Rc1 Qb7 20. Na5 Qc7 21. b4 Bd8 22. Nxb5
Qb8 23. Nd4 Bxa5 24. Nc6 Qb7 25. bxa5 Nf6 26. Bb6 Bd7 27. Ne7+ Kh8 28. Rc7 Bb5 29.
Rxb7 Bxe2 30. Re1 Bd3 31. e5 Nd5 32. Nxd5 exd5 33. Rc7 Rac8 34. Rec1 Bc4 35. Rd7
Kg8 36. Kf2 Rfe8 37. Ke3 Rc6 38. Kd4 Rh6 39. Rh1 f6 40. Bc7 fxe5+ 41. Bxe5 g5 42.
Rg7+ Kf8 43. Rxg5 Rg6 44. Rxg6 hxg6 45. h4 Kf7 46. h5 gxh5 47. Rxh5 Rg8 48. Rh2 Rg3
49. f5 Rg4+ 50. Kc5 Rg5 51. g4 Rxg4 52. f6 Bd3 53. Kxd5 Ra4 54. Bc3 Rxa3 55. Kd4
Bf5 56. Rb2 Kxf6 57. Kc4+ Kf7 58. Rf2 Rxc3+ 59. Kxc3 Ke6 60. Kd4 Bg4 61. Kc5 Bf5
62. Rxf5  1-0

[Event "29th 4NCL Congress"]
[Site "Harrogate"]
[Date "2023.01.21"]
[Round "3"]
[Board "10"]
[White "Nicholson, Jim W R"]
[Black "Surtees, Mike J"]
[Result "1-0"]
[WhiteElo "2033"]
[BlackElo "2138"]
[PlyCount "85"]
[EventDate "2023.01.20"]
[EventRounds "5"]
[EventCountry "ENG"]

1. d4 c6 2. Nf3 f5 3. c4 Nf6 4. Nc3 g6 5. g3 Bg7 6. Bg2 Na6 7. O-O O-O 8. Qc2 d6
9. a3 Nc7 10. b3 Rb8 11. a4 a5 12. Bb2 Na6 13. Rad1 Nb4 14. Qb1 Qc7 15. Na2 Ne4 16.
Nd2 d5 17. Nxb4 axb4 18. Qc2 Qb6 19. e3 Be6 20. c5 Qa5 21. Nf3 Rfc8 22. Ne1 b6 23.
f3 Nc3 24. Bxc3 bxc3 25. Nd3 b5 26. axb5 Qxb5 27. b4 Ra8 28. Ra1 Ra6 29. Rxa6 Qxa6
30. Qxc3 Ra8 31. f4 Bc8 32. Rc1 e6 33. Bf1 Qa3 34. Ne1 h6 35. b5 cxb5 36. Bxb5 g5
37. h3 gxf4 38. gxf4 Qa7 39. Nf3 Qf7 40. Kh2 Qh5 41. Be2 Kh7 42. Ra1 Rb8 43. Ng5+
 1-0

[Event "29th 4NCL Congress"]
[Site "Harrogate"]
[Date "2023.01.21"]
[Round "3"]
[Board "11"]
[White "Fava, Lorenzo"]
[Black "Siddharth, Gopakumar"]
[Result "1-0"]
[WhiteElo "2177"]
[BlackElo "2018"]
[PlyCount "43"]
[EventDate "2023.01.20"]
[EventRounds "5"]
[EventCountry "ENG"]

1. Nf3 d5 2. d4 Nf6 3. Bf4 c5 4. c3 e6 5. e3 Nbd7 6. Nbd2 Be7 7. Bd3 O-O 8. h4 Nh5
9. Bxh7+ Kxh7 10. Ng5+ Kg6 11. Qc2+ f5 12. Nxe6 Qb6 13. Nxf8+ Nxf8 14. Nf3 Nxf4 15.
exf4 Bd6 16. g3 Ne6 17. h5+ Kf6 18. h6 Bd7 19. hxg7 Nxg7 20. Rh6+ Kf7 21. Ne5+ Bxe5
22. Rxb6  1-0

[Event "29th 4NCL Congress"]
[Site "Harrogate"]
[Date "2023.01.21"]
[Round "3"]
[Board "12"]
[White "De Coverly, Roger D"]
[Black "Ther, Mate"]
[Result "1/2-1/2"]
[WhiteElo "1971"]
[BlackElo "2167"]
[PlyCount "39"]
[EventDate "2023.01.20"]
[EventRounds "5"]
[EventCountry "ENG"]

1. d4 Nf6 2. c4 e6 3. Nc3 Bb4 4. Nf3 c5 5. e3 O-O 6. Bd3 d5 7. O-O dxc4 8. Bxc4 cxd4
9. exd4 b6 10. Bg5 Bxc3 11. bxc3 Bb7 12. Ne5 h6 13. Bh4 Qc7 14. Bxf6 gxf6 15. Qg4+
Kh8 16. Qh5 fxe5 17. Qxh6+ Kg8 18. Qg5+ Kh8 19. Qh6+ Kg8 20. Qg5+  1/2-1/2

[Event "29th 4NCL Congress"]
[Site "Harrogate"]
[Date "2023.01.21"]
[Round "3"]
[Board "13"]
[White "Yu, Hongyi"]
[Black "Lampard, Alice"]
[Result "1/2-1/2"]
[WhiteElo "2154"]
[BlackElo "1909"]
[PlyCount "95"]
[EventDate "2023.01.20"]
[EventRounds "5"]
[EventCountry "ENG"]

1. e4 c5 2. Nf3 Nc6 3. d4 cxd4 4. Nxd4 g6 5. Nc3 Bg7 6. Be3 Nf6 7. Nxc6 bxc6 8. e5
Ng8 9. f4 Nh6 10. Bc4 d6 11. exd6 exd6 12. O-O O-O 13. Bd4 Bxd4+ 14. Qxd4 Qb6 15.
Qxb6 axb6 16. Rfe1 Bf5 17. Rad1 d5 18. Bb3 Rfe8 19. h3 Kf8 20. Ne2 Bd7 21. Ng3 f5
22. c4 Rxe1+ 23. Rxe1 d4 24. Ne2 Re8 25. Kf2 c5 26. Nc1 Nf7 27. Rxe8+ Kxe8 28. Nd3
Ke7 29. a3 Be6 30. a4 Kd6 31. Ke2 Bd7 32. Nf2 Nd8 33. Nd3 Nc6 34. Bc2 Be6 35. b3
Bc8 36. Bd1 Bb7 37. g3 Bc8 38. Ne1 Nd8 39. Kd3 Bb7 40. Bf3 Bxf3 41. Nxf3 Nf7 42.
b4 cxb4 43. Kxd4 Nd8 44. Kd3 Ne6 45. Kc2 Kc5 46. Kd3 Kd6 47. Kc2 Kc5 48. Kd3  1/2-1/2

[Event "29th 4NCL Congress"]
[Site "Harrogate"]
[Date "2023.01.21"]
[Round "3"]
[Board "14"]
[White "Booth, Steven B"]
[Black "Chan, Sheng Liang Bernard"]
[Result "1/2-1/2"]
[WhiteElo "1956"]
[BlackElo "2142"]
[PlyCount "95"]
[EventDate "2023.01.20"]
[EventRounds "5"]
[EventCountry "ENG"]

1. d4 Nf6 2. c4 e6 3. Nf3 d5 4. Nc3 c6 5. Bg5 Be7 6. e3 O-O 7. Qc2 Nbd7 8. Rd1 Re8
9. cxd5 exd5 10. Bd3 h6 11. Bh4 Ne4 12. Bxe7 Qxe7 13. O-O f5 14. Rde1 Kh8 15. Nd2
Qg5 16. f4 Qf6 17. Nf3 Rg8 18. Ne5 Nxe5 19. fxe5 Qe7 20. Nxe4 fxe4 21. Be2 Qg5 22.
Rf4 Be6 23. Ref1 Rac8 24. b4 Qe7 25. a3 a5 26. Qc5 Qxc5 27. bxc5 Rb8 28. Rb1 Rgd8
29. Rb6 Kg8 30. Rf1 Bc8 31. Rfb1 Ra8 32. h3 Ra7 33. Kf2 Kf7 34. Kg3 Ke7 35. Rf1 Ra8
36. Bh5 Rf8 37. Rxf8 Kxf8 38. Bg4 Bxg4 39. Kxg4 Rb8 40. Kh5 Kf7 41. a4 Ke6 42. Kg6
Rf8 43. Rxb7 Rf2 44. g4 Rf3 45. Kxg7 h5 46. Rc7 hxg4 47. hxg4 Rf7+ 48. Rxf7  1/2-1/2

[Event "29th 4NCL Congress"]
[Site "Harrogate"]
[Date "2023.01.21"]
[Round "3"]
[Board "15"]
[White "Eagleton, Greg T"]
[Black "Kryshtafor, Maksym"]
[Result "1/2-1/2"]
[WhiteElo "2091"]
[BlackElo "1737"]
[PlyCount "82"]
[EventDate "2023.01.20"]
[EventRounds "5"]
[EventCountry "ENG"]

1. d4 d5 2. Nf3 Nf6 3. Bg5 h6 4. Bh4 Bf5 5. e3 e6 6. Bd3 Bxd3 7. Qxd3 c6 8. O-O Bd6
9. Ne5 Nbd7 10. f4 Qc7 11. Nd2 g5 12. Bg3 gxf4 13. exf4 c5 14. c3 Rg8 15. Rae1 Rg7
16. Bh4 Be7 17. f5 O-O-O 18. Nxd7 Ng4 19. Bg3 Qxd7 20. fxe6 fxe6 21. Nf3 Bd6 22.
Ne5 Nxe5 23. Bxe5 Bxe5 24. Rxe5 Rdg8 25. Rf2 Qe7 26. Qh3 cxd4 27. Rxe6 Qd7 28. cxd4
Kb8 29. Qe3 h5 30. Qe5+ Ka8 31. Re2 Rc8 32. Re8 Rg8 33. Rxg8 Rxg8 34. h3 Qc6 35.
Qf4 Qc4 36. Qe5 a6 37. b3 Qc1+ 38. Re1 Qd2 39. Re2 Qc1+ 40. Re1 Qd2 41. Re2 Qc1+
 1/2-1/2

[Event "29th 4NCL Congress"]
[Site "Harrogate"]
[Date "2023.01.21"]
[Round "3"]
[Board "16"]
[White "Vickery, Jim E"]
[Black "Skettos, Nicolas"]
[Result "1/2-1/2"]
[WhiteElo "1889"]
[BlackElo "2083"]
[PlyCount "31"]
[EventDate "2023.01.20"]
[EventRounds "5"]
[EventCountry "ENG"]

1. d4 d5 2. Nf3 Nf6 3. c4 dxc4 4. Nc3 a6 5. e4 b5 6. e5 Nd5 7. a4 e6 8. axb5 Bb4
9. Qc2 Nb6 10. bxa6 Rxa6 11. Rxa6 Bxa6 12. Be2 N8d7 13. O-O h6 14. Be3 Bxc3 15. bxc3
O-O 16. Nd2  1/2-1/2

[Event "29th 4NCL Congress"]
[Site "Harrogate"]
[Date "2023.01.21"]
[Round "3"]
[Board "17"]
[White "Pyda, Arjun"]
[Black "Shearsby, Jude"]
[Result "0-1"]
[WhiteElo "1780"]
[BlackElo "2065"]
[PlyCount "182"]
[EventDate "2023.01.20"]
[EventRounds "5"]
[EventCountry "ENG"]

1. e4 c5 2. Nf3 d6 3. d4 cxd4 4. Nxd4 Nf6 5. Nc3 a6 6. Bg5 e6 7. f4 Be7 8. Qf3 Qc7
9. O-O-O Nbd7 10. Bd3 b5 11. g4 h6 12. Bxf6 Bxf6 13. Nce2 Bb7 14. Nb3 Nb6 15. Kb1
Nc4 16. Bxc4 Qxc4 17. Ng3 Rc8 18. Qd3 d5 19. e5 Qxd3 20. cxd3 Bd8 21. Nd4 Bb6 22.
Nge2 Kd7 23. Rhf1 Rhf8 24. Nf3 b4 25. d4 a5 26. Ng3 Ba6 27. Rfe1 g6 28. f5 a4 29.
f6 b3 30. axb3 axb3 31. Re3 Bc4 32. Ne2 Ba5 33. Nc3 Bxc3 34. Rxc3 Be2 35. Rdc1 Rxc3
36. Rxc3 Rc8 37. Rxb3 Bd1 38. Ra3 Rc4 39. Ra7+ Rc7 40. Ra3 Rc4 41. Ra7+ Rc7 42. Rxc7+
Kxc7 43. Nh4 Bxg4 44. Ka2 Bh5 45. Ka3 g5 46. Ng2 Bf3 47. Ne3 h5 48. Kb4 g4 49. Nf5
Be4 50. Nh4 Kb6 51. b3 Bc2 52. Ng2 Bf5 53. Nh4 Be4 54. Ka4 Ka6 55. Kb4 Kb6 56. Ka4
Bc2 57. Ng2 Be4 58. Ne3 Bf3 59. Nf5 Be4 60. Ng3 h4 61. Nh5 Bf3 62. Nf4 Be4 63. Kb4
Bf5 64. Ne2 g3 65. Nxg3 hxg3 66. hxg3 Bg4 67. Ka4 Bd1 68. Kb4 Kc6 69. Ka4 Kd7 70.
Kb4 Ke8 71. Kc3 Kf8 72. b4 Ba4 73. Kd3 Kg8 74. Ke3 Kh7 75. Kf4 Kg6 76. Kg4 Bb5 77.
Kf4 Kh5 78. Kf3 Kg5 79. g4 Bc4 80. Kg3 Bb5 81. Kf3 Kh4 82. Kf4 Ba4 83. Kf3 Bd1+ 84.
Kf4 Bxg4 85. b5 Be2 86. b6 Ba6 87. Ke3 Kg3 88. Kd2 Kf2 89. Kc3 Ke3 90. Kb4 Kxd4 91.
Ka5 Bb7  0-1

[Event "29th 4NCL Congress"]
[Site "Harrogate"]
[Date "2023.01.21"]
[Round "3"]
[Board "18"]
[White "Riddle, Jim"]
[Black "Varley, Joe"]
[Result "0-1"]
[WhiteElo "1573"]
[BlackElo "2024"]
[PlyCount "70"]
[EventDate "2023.01.20"]
[EventRounds "5"]
[EventCountry "ENG"]

1. e4 c5 2. Nf3 e6 3. Nc3 Nc6 4. d4 cxd4 5. Nxd4 Nf6 6. Nxc6 bxc6 7. Bd3 Bb4 8. Bd2
O-O 9. O-O d5 10. exd5 exd5 11. a3 Bd6 12. Bg5 Rb8 13. Ne2 Bxh2+ 14. Kh1 Bc7 15.
Ng3 h6 16. Bxf6 Qxf6 17. Qh5 Re8 18. Rfe1 Be6 19. Re2 Rxb2 20. Rae1 Reb8 21. Kg1
Rb1 22. Bf5 Bxg3 23. fxg3 Rxe1+ 24. Rxe1 Qxf5 25. Qd1 Qg4 26. Qc1 Qxg3 27. Qd2 Qxa3
28. Re3 Qc5 29. Kh1 Rb1+ 30. Re1 Rxe1+ 31. Qxe1 Qxc2 32. Qa5 Qe4 33. Kg1 d4 34. Kf2
Qe3+ 35. Kf1 Bc4#  0-1

[Event "29th 4NCL Congress"]
[Site "Harrogate"]
[Date "2023.01.21"]
[Round "3"]
[Board "19"]
[White "Mosnegutu, Klauss"]
[Black "Erskine-Pereira, Jack"]
[Result "0-1"]
[WhiteElo "2220"]
[BlackElo "1978"]
[PlyCount "92"]
[EventDate "2023.01.20"]
[EventRounds "5"]
[EventCountry "ENG"]

1. d4 e6 2. c4 Nf6 3. Nc3 Bb4 4. Bg5 h6 5. Bxf6 Qxf6 6. Rc1 c5 7. Nf3 Nc6 8. dxc5
Bxc5 9. a3 O-O 10. Ne4 Qe7 11. b4 Bb6 12. c5 Bc7 13. Nd6 b6 14. Nb5 Bd8 15. e3 bxc5
16. bxc5 Ba5+ 17. Nd2 Ba6 18. Nd6 Bxf1 19. Kxf1 Bxd2 20. Qxd2 Rab8 21. Qc3 Qh4 22.
f4 a5 23. Ne4 e5 24. g3 Qg4 25. Nf2 Qf3 26. e4 Rb3 27. Qxf3 Rxf3 28. Kg2 Rxa3 29.
Rhd1 exf4 30. gxf4 Rd8 31. Rd6 Kf8 32. e5 Ke7 33. Ne4 Rb8 34. Nc3 Nb4 35. f5 Rb7
36. f6+ gxf6 37. exf6+ Kd8 38. Rd2 a4 39. Kh1 h5 40. Ne4 Rd3 41. Rg2 a3 42. Nd6 Rb8
43. Nxf7+ Kc7 44. Ne5 Rd5 45. Ng6 Rf5 46. Rd2 a2  0-1

[Event "29th 4NCL Congress"]
[Site "Harrogate"]
[Date "2023.01.21"]
[Round "3"]
[Board "20"]
[White "Furness, Robert M"]
[Black "Rich, Ben S"]
[Result "1/2-1/2"]
[WhiteElo "2056"]
[BlackElo "1962"]
[PlyCount "142"]
[EventDate "2023.01.20"]
[EventRounds "5"]
[EventCountry "ENG"]

1. c4 e6 2. Nc3 c5 3. Nf3 Nf6 4. e4 d6 5. d4 cxd4 6. Nxd4 Nc6 7. Be2 a6 8. O-O Be7
9. Nc2 Qc7 10. b3 b6 11. Bb2 Bb7 12. Ne3 Ne5 13. Qc2 Qc6 14. f3 g5 15. Kh1 h5 16.
a4 Ng6 17. Bd3 Nf4 18. Ne2 Rg8 19. Rad1 Rc8 20. Rd2 h4 21. e5 dxe5 22. Bxe5 Nxe2
23. Rxe2 Qc5 24. Nf5 Nh5 25. Nh6 Bf6 26. Bxf6 Nxf6 27. Nxg8 Nxg8 28. Be4 Bc6 29.
Bxc6+ Rxc6 30. Rd1 Nf6 31. Red2 Rc7 32. Qc3 Ke7 33. Qd4 Qxd4 34. Rxd4 Ne8 35. Kg1
Kf6 36. Rd8 Ke7 37. h3 Rb7 38. R8d4 f5 39. Kf2 Nf6 40. Ke2 Nd7 41. Kd2 Nc5 42. Kc3
a5 43. Kb2 Kf6 44. Ka3 Na6 45. Re1 Nb4 46. Kb2 Na6 47. Kc3 Nc5 48. Red1 Ke7 49. Ra1
Rd7 50. Rxd7+ Kxd7 51. b4 axb4+ 52. Kxb4 Kc6 53. Rd1 Na6+ 54. Kc3 Nc5 55. Ra1 Nb7
56. Kd4 Kd6 57. Rb1 e5+ 58. Kc3 Kc6 59. Rb5 Nc5 60. a5 bxa5 61. Rxa5 e4 62. fxe4
fxe4 63. Ra8 Ne6 64. Re8 Kd7 65. Rxe6 Kxe6 66. Kd4 Kf5 67. Ke3 g4 68. c5 gxh3 69.
gxh3 Ke5 70. c6 Kd6 71. Kxe4 Kxc6  1/2-1/2

[Event "29th 4NCL Congress"]
[Site "Harrogate"]
[Date "2023.01.21"]
[Round "3"]
[Board "21"]
[White "Brencher, Paul"]
[Black "Kumar, Jamie"]
[Result "0-1"]
[WhiteElo "2033"]
[BlackElo "1902"]
[PlyCount "134"]
[EventDate "2023.01.20"]
[EventRounds "5"]
[EventCountry "ENG"]

1. d4 Nf6 2. Nc3 d5 3. Bf4 c5 4. e3 cxd4 5. exd4 a6 6. Nf3 Nc6 7. Ne5 Bd7 8. g4 e6
9. g5 Ng8 10. h4 Nge7 11. Bh3 Ng6 12. Nxd7 Qxd7 13. Bg3 Bd6 14. Qd2 Qc7 15. Ne2 h5
16. Bxd6 Qxd6 17. Bg2 Nge7 18. Ng3 Rc8 19. c3 b5 20. Bf3 g6 21. O-O Kf8 22. Rfe1
Kg7 23. Qe2 Qf4 24. Kg2 Qxh4 25. Qe3 Nf5 26. Nxf5+ gxf5 27. Rh1 f4 28. Rxh4 fxe3
29. fxe3 Kg6 30. Rah1 Kxg5 31. Bxh5 f5 32. R4h2 Rh7 33. Kf2 Rch8 34. Rg2+ Kf6 35.
Rg6+ Ke7 36. Rg5 Nd8 37. Rhg1 Rxh5 38. Rxh5 Rxh5 39. Rg7+ Nf7 40. Kg2 Rg5+ 41. Rxg5
Nxg5 42. Kg3 Kd6 43. Kf4 Ne4 44. Kf3 a5 45. Ke2 Kc6 46. Kd3 a4 47. b3 a3 48. Kc2
Nf2 49. Kd2 Kd6 50. Ke2 Ng4 51. Kf3 e5 52. b4 e4+ 53. Ke2 Nf6 54. Kd2 Nd7 55. Kc2
Nb6 56. Kd2 Ke6 57. Ke2 Kf6 58. Ke1 Kg5 59. Ke2 Kg4 60. Ke1 Kf3 61. Kd2 Nc4+ 62.
Kc2 Kxe3 63. Kb3 f4 64. Kc2 Ke2 65. Kb3 f3 66. Kc2 f2 67. Kb3 f1=Q  0-1

[Event "29th 4NCL Congress"]
[Site "Harrogate"]
[Date "2023.01.21"]
[Round "3"]
[Board "22"]
[White "Gardiner, Eric D"]
[Black "Sheppard, Derek Alan"]
[Result "1/2-1/2"]
[WhiteElo "2014"]
[BlackElo "1703"]
[PlyCount "119"]
[EventDate "2023.01.20"]
[EventRounds "5"]
[EventCountry "ENG"]

1. e4 e6 2. d4 d5 3. e5 c5 4. c3 Ne7 5. Nf3 Nec6 6. Be2 b6 7. O-O Ba6 8. Bxa6 Nxa6
9. Bg5 Be7 10. Bxe7 Qxe7 11. a3 c4 12. Nbd2 b5 13. b3 Rb8 14. a4 Nc7 15. axb5 Nxb5
16. bxc4 Nxc3 17. Qc2 Qb4 18. cxd5 Ne2+ 19. Kh1 Nexd4 20. Qd3 Nxf3 21. Nxf3 exd5
22. Qxd5 Ne7 23. Qd3 O-O 24. Rxa7 Rfd8 25. Rd7 Rxd7 26. Qxd7 Qb7 27. Rd1 Qxd7 28.
Rxd7 Kf8 29. g3 Ke8 30. Ra7 Rb2 31. Kg2 Re2 32. h4 Nc6 33. Rc7 Nxe5 34. Kf1 Re4 35.
Ng5 Rc4 36. Rxc4 Nxc4 37. Ke2 h6 38. Ne4 Ke7 39. Kd3 Nd6 40. Nc5 h5 41. Kd4 g6 42.
Ke5 Nc4+ 43. Kf4 f6 44. f3 Nd6 45. g4 hxg4 46. fxg4 f5 47. g5 Nf7 48. Nd3 Ke6 49.
Ke3 Ne5 50. Nf4+ Kf7 51. Nd5 Nd7 52. Kf4 Ke6 53. Nc7+ Kf7 54. h5 gxh5 55. Kxf5 Nf8
56. Nd5 h4 57. Nf4 Kg7 58. Kg4 Nh7 59. Kxh4 Nxg5 60. Kxg5  1/2-1/2

[Event "29th 4NCL Congress"]
[Site "Harrogate"]
[Date "2023.01.21"]
[Round "3"]
[Board "23"]
[White "Bridgeman, Niamh"]
[Black "Doran, Chris"]
[Result "0-1"]
[WhiteElo "1977"]
[BlackElo "2005"]
[PlyCount "92"]
[EventDate "2023.01.20"]
[EventRounds "5"]
[EventCountry "ENG"]

1. d4 Nf6 2. Nf3 g6 3. e3 Bg7 4. Be2 O-O 5. O-O d6 6. b3 c5 7. Bb2 Nbd7 8. c4 b6
9. Nbd2 Bb7 10. d5 b5 11. Qc2 e6 12. dxe6 fxe6 13. cxb5 d5 14. Rac1 Rc8 15. Qb1 Qa5
16. a4 Ne8 17. Bxg7 Nxg7 18. Rfd1 Qc7 19. Ng5 Ne5 20. f4 Nf7 21. Ndf3 Nxg5 22. Nxg5
e5 23. e4 exf4 24. exd5 Qe5 25. Nf3 Qd6 26. Bc4 Nf5 27. Ng5 Ne3 28. Rd2 Rfe8 29.
Ne4 Qe5 30. Nf2 Bxd5 31. Bxd5+ Nxd5 32. Ng4 Qg5 33. Rxd5 Qxg4 34. Rdxc5 Rxc5 35.
Rxc5 Re2 36. Qf1 f3 37. Rc4 Rxg2+ 38. Kh1 Qh3 39. Rc8+ Qxc8 40. Qxf3 Rc2 41. Qd5+
Kg7 42. Qd4+ Kf7 43. Qd5+ Qe6 44. Qf3+ Kg7 45. Qb7+ Kh6 46. Qxa7 Qe4+  0-1

[Event "29th 4NCL Congress"]
[Site "Harrogate"]
[Date "2023.01.21"]
[Round "3"]
[Board "24"]
[White "Holliday, John K"]
[Black "Mesesan, Mircea-Marius"]
[Result "0-1"]
[WhiteElo "1730"]
[BlackElo "1998"]
[PlyCount "62"]
[EventDate "2023.01.20"]
[EventRounds "5"]
[EventCountry "ENG"]

1. e4 e5 2. Nf3 Nf6 3. Nc3 Nc6 4. Bc4 Bb4 5. d3 d5 6. exd5 Nxd5 7. Bd2 Nxc3 8. bxc3
Be7 9. O-O O-O 10. Re1 Bg4 11. Qe2 Bd6 12. h3 Bh5 13. g4 Bg6 14. Bg5 Qd7 15. Qd2
Kh8 16. d4 e4 17. Nh4 Na5 18. Be2 Qe6 19. Bf3 Nc4 20. Qd1 h6 21. Nxg6+ Qxg6 22. Be7
Bxe7 23. Bxe4 Qg5 24. Bxb7 Rab8 25. Ba6 Nb2 26. Qe2 Bd6 27. Qf3 f5 28. Qg2 fxg4 29.
hxg4 Qa5 30. Bd3 Nxd3 31. cxd3 Qxc3  0-1

[Event "29th 4NCL Congress"]
[Site "Harrogate"]
[Date "2023.01.21"]
[Round "3"]
[Board "25"]
[White "Stokes, Michael"]
[Black "Thomson, Neil"]
[Result "1-0"]
[WhiteElo "1995"]
[BlackElo "2042"]
[PlyCount "101"]
[EventDate "2023.01.20"]
[EventRounds "5"]
[EventCountry "ENG"]

1. e4 c6 2. Nc3 d5 3. Nf3 Bg4 4. h3 Bxf3 5. Qxf3 e6 6. d3 Nd7 7. Be2 Bd6 8. O-O Ne7
9. d4 O-O 10. e5 Bc7 11. Qg4 c5 12. Bh6 Nf5 13. Bg5 f6 14. exf6 Nxf6 15. dxc5 b6
16. Rad1 bxc5 17. Nxd5 Nxg4 18. Bxd8 Bxd8 19. hxg4 Nd4 20. Bc4 Rb8 21. Ne3 Rxb2 22.
Rb1 Rxb1 23. Rxb1 Ba5 24. Nf5 Bc3 25. Nd6 g6 26. Ne4 Ba5 27. c3 Rf4 28. f3 Nc6 29.
Bxe6+ Kf8 30. Bd5 Nd8 31. Kf2 Ke7 32. g3 Rf8 33. Rb5 Bc7 34. Kg2 Nf7 35. Bxf7 Rxf7
36. Rb7 Kd7 37. Rxa7 Kc6 38. Ra8 Rd7 39. Re8 Kb5 40. g5 Kc4 41. Kh3 Ba5 42. Rc8 Rd5
43. Rh8 Bxc3 44. Rxh7 Bb2 45. Rh6 Rd3 46. Kg4 Kd4 47. Rxg6 c4 48. Rd6+ Ke5 49. Rxd3
cxd3 50. a4 Bd4 51. a5  1-0

[Event "29th 4NCL Congress"]
[Site "Harrogate"]
[Date "2023.01.21"]
[Round "3"]
[Board "26"]
[White "Srivastava, Aditya"]
[Black "Cast, Julian"]
[Result "0-1"]
[WhiteElo "1599"]
[BlackElo "2015"]
[PlyCount "72"]
[EventDate "2023.01.20"]
[EventRounds "5"]
[EventCountry "ENG"]

1. d4 Nf6 2. Bf4 d6 3. Nc3 c6 4. e4 Qa5 5. Qd2 e5 6. Be3 Be7 7. Nf3 Nbd7 8. a4 h6
9. h3 Nf8 10. Bd3 Ng6 11. Ne2 Qxd2+ 12. Bxd2 a5 13. Bc3 exd4 14. Bxd4 O-O 15. O-O-O
Be6 16. Bc3 Nd7 17. Nfd4 Nc5 18. f4 Nxd3+ 19. cxd3 Bd7 20. Nf5 Bxf5 21. exf5 Nh4
22. g4 b5 23. Rdf1 Rfe8 24. Ng3 b4 25. Bd2 c5 26. Rhg1 c4 27. g5 Kh7 28. g6+ fxg6
29. fxg6+ Kg8 30. f5 Rf8 31. dxc4 Rac8 32. b3 d5 33. Rf4 dxc4 34. bxc4 Bg5 35. Rd4
Bxd2+ 36. Kxd2 Nf3+  0-1

[Event "29th 4NCL Congress"]
[Site "Harrogate"]
[Date "2023.01.21"]
[Round "3"]
[Board "27"]
[White "Hilton, Tim"]
[Black "Garnett, John S"]
[Result "1/2-1/2"]
[WhiteElo "2006"]
[BlackElo "1945"]
[PlyCount "35"]
[EventDate "2023.01.20"]
[EventRounds "5"]
[EventCountry "ENG"]

1. d4 d5 2. Bf4 Nf6 3. e3 c5 4. Nc3 cxd4 5. exd4 e6 6. Nb5 Na6 7. c3 Be7 8. a4 O-O
9. Bd3 Bd7 10. Nf3 Bxb5 11. axb5 Nc7 12. Ne5 a6 13. bxa6 Nxa6 14. Qf3 Nb4 15. O-O
Nxd3 16. Qxd3 Qb6 17. Qe2 Bd6 18. h3  1/2-1/2